000 01527cab a2200241 4500
001 ABS54524
008 090401t1996 xxu||||| |||| 00| 0 eng d
035 _a(Sirsi) u10960
041 _aeng
245 _aMaidstone BC v SoS Environment & another
260 _c1996
350 _a0
490 _aEstates Gazette
_v(1996) 06 EG 142-147(6)
520 _aCA 7 July 1995. M owned land required for a road scheme. In 1990 Kent CC (the second respondent) applied to M for a certificate of appropriate alternative development. M issued a certificate that planning permission for offices, residential development, hotel and/or car parking would be granted. S cancelled this certificate, stating that planning permission would be granted for car parking and road construction if the land were not proposed to be acquired. M`s appeal to quash S`s ruling under Land Compensation Act 1961 s5, contending that they were a willing seller and that the land had to be acquired by an authority with compulsory purchase powers, was rejected by the court below. Appeal dismissed. S5 has nothing to do with assumptions as to planning permission.
650 _aCERTIFICATE OF APPROPRIATE ALTERNATIVE DEVELOPMENT
650 _aLAND COMPENSATION ACT 1961 S5
650 _aMAIDSTONE BC V SOS ENVIRONMENT AND ANOTHER
650 _aPLANNING PERMISSION
650 _aROAD IMPROVEMENT SCHEME
690 _aENVIRONMENTAL AND LAND CONSULTANCY-PLANNING AND DEVELOPMENT-COMPULSORY PURCHASE AND COMPENSATION
942 _n0
948 _c04/03/1997
999 _c6982
_d6982